Zdążyć przed Panem Bogiem /
সংরক্ষণ করুন:
| প্রধান লেখক: | |
|---|---|
| সংস্থা লেখক: | |
| বিন্যাস: | গ্রন্থ |
| ভাষা: | পোলিশ |
| প্রকাশিত: |
Kraków :
"a5",
2005.
|
| বিষয়গুলি: | |
| ট্যাগগুলো: |
কোনো ট্যাগ নেই, প্রথমজন হিসাবে ট্যাগ করুন!
|
MARC
| LEADER | 00000nam#a2200000#i#4500 | ||
|---|---|---|---|
| 001 | 9910888865805606 | ||
| 005 | 20260515140226.0 | ||
| 008 | 040420s2003####pl ##########|000#0#pol#c | ||
| 020 | |a 8385568301 | ||
| 035 | |a (MARC 21)(PL)b0000030049704-48omnis_rpl | ||
| 035 | |a wbpkbg071009 | ||
| 035 | |a zz2004964680 | ||
| 035 | |a (PL)b0000030049704 | ||
| 040 | |a KIEL W |c KIEL W |d WA N | ||
| 080 | |a 94(438).082.21:94(438).083:94(=411.16):617 | ||
| 090 | |c 67 |d 66 | ||
| 100 | 1 | |a Krall, Hanna |d (1935- ) | |
| 240 | 1 | 0 | |a Zdążyć przed Panem Bogiem |l (pol.) |
| 245 | 1 | 0 | |a Zdążyć przed Panem Bogiem / |c Hanna Krall. |
| 260 | |a Kraków : |b "a5", |c 2005. | ||
| 300 | |a 108, [1] s. ; |c 20 cm. | ||
| 600 | 1 | 7 | |a Edelman, Marek |d (1922-2009) |
| 650 | 7 | |a Powstanie 1943 r. w getcie warszawskim | |
| 650 | 7 | |a Publicystyka polska |y od 1944 r. | |
| 650 | 7 | |a Lekarze i lekarki | |
| 650 | 7 | |a Chirurgia | |
| 651 | 7 | |a Polska | |
| 710 | 2 | |a Wydawnictwo a5 | |
| 920 | |a 83-85568-30-1 | ||
| 942 | |c K | ||
| 952 | |0 0 |1 0 |4 0 |6 R__45_000000000000000 |7 0 |9 65 |a RYT |b RYT |d 2026-03-17 |e 1/2026 |g 15.00 |l 0 |o R.45 |p 2000000000459 |r 2026-05-15 14:02:26 |w 2026-05-15 |y BK |z da | ||
| 999 | |c 65 |d 65 | ||